00465cam a2200181 a 4500001000800000005001700008008004100025010001700066020001500083040001800098041000800116080001500124082002500139100000700164101000800171245007400179504003000253282279520180208090913.0830324s1983 mdu b 001 0 eng  a 83006157  a0801830397 aDLCcDLCdDLC aeng a616.89001900a616.89001/9 PAU2191 a49 aPSI14aThe perspectives of psychiatry /cPaul R. McHugh, Phillip R. Slavney. aBibliography: p. 149-155.